00467nam a2200181Ia 4500003000400000005001700004008004100021020001800062040000700080041000800087082002100095100002000116245005100136260005000187300001200237365001300249650002300262OSt20230415113001.0210423s2003 xx 000 0 und d a81-8183-018-0 cAL aeng a158.1 223bNAJO aNAJEMY (Robert) aOur universal self: in search of eternal truth aMumbaibVMP Publishers and Distributorsc2003 a250bPB b125cINR aApplied Psychology